000 00531nam a2200181 4500
001 108404
003 ES-MaACL
007 t|
008 061121s1969 sp r ||||1| spa d
100 1 _aMondolfo, Rodolfo.
_982147
245 1 3 _aLa comprensión de sujeto humano en la cultura antigua /
_cRodolfo Mondolfo.
260 _aBuenos Aires :
_bEudeba,
_c1969.
300 _aXIV 460 p. ;
_c23 cm.
490 1 _aTemas de Eudeba
830 0 _aTemas de Eudeba
_9185561
852 _aES-MaACL
_jE-9235
_bR.93926
999 _c108404
_d108404